Otros Quijotes (Record no. 54)

MARC details
000 -CABECERA
campo de control de longitud fija 01032nam a2200253 a 4500
001 - NÚMERO DE CONTROL
campo de control BRCA_54
005 - FECHA Y HORA DE LA ÚLTIMA TRANSACCIÓN
campo de control 20190320202850.0
008 - DATOS DE LONGITUD FIJA--INFORMACIÓN GENERAL
campo de control de longitud fija 980211s2005####sp-a#####c---#000-0#spa-#
020 ## - NÚMERO INTERNACIONAL ESTÁNDAR DEL LIBRO
Número Internacional Estándar del Libro 8495330113 (Límite)
020 ## - NÚMERO INTERNACIONAL ESTÁNDAR DEL LIBRO
Número Internacional Estándar del Libro 847788367X (Junta de Castilla-La Mancha)
040 ## - FUENTE DE LA CATALOGACIÓN
Centro catalogador/agencia de origen DLC
Centro/agencia transcriptor DLC
Centro/agencia modificador DLC
041 ## - CÓDIGO DE LENGUA
Código de lengua del texto/banda sonora o título independiente spaeng
044 ## - CÓDIGO DEL PAÍS DE LA ENTIDAD EDITORA/PRODUCTORA
Código MARC del país sp
050 #4 - SIGNATURA TOPOGRÁFICA DE LA BIBLIOTECA DEL CONGRESO
Número de clasificación NC998.6.S7
Número de documento/Ítem .O87 2005
245 10 - MENCIÓN DE TÍTULO
Título Otros Quijotes
Resto del título los diseñadores españoles reinventan el personaje = Other don Quixotes : Spanish designers reinvent the character.
260 ## - PUBLICACIÓN, DISTRIBUCIÓN, ETC.
Lugar de publicación, distribución, etc. Madrid
Nombre del editor, distribuidor, etc. Límite : Junta de Comunidades de Castilla-La Mancha
Fecha de publicación, distribución, etc. [2005?]
300 ## - DESCRIPCIÓN FÍSICA
Extensión 163 p.
Otras características físicas il.
Dimensiones 35 cm.
546 ## - NOTA DE LENGUA/LENGUAJE
Nota de lengua/lenguaje Texto en : español e inglés
600 14 - PUNTO DE ACCESO ADICIONAL DE MATERIA--NOMBRE DE PERSONA
Nombre de persona Don Quijote (Personaje ficticio)
Subdivisión de forma Exposiciones
Subdivisión general En el arte
9 (RLIN) 254
650 14 - PUNTO DE ACCESO ADICIONAL DE MATERIA--TÉRMINO DE MATERIA
Término de materia o nombre geográfico como elemento de entrada Publicidad comercial artística
Subdivisión de forma Exposiciones
Subdivisión general Historia
Subdivisión cronológica Siglo XXI
Subdivisión geográfica España
9 (RLIN) 255
650 14 - PUNTO DE ACCESO ADICIONAL DE MATERIA--TÉRMINO DE MATERIA
Término de materia o nombre geográfico como elemento de entrada Artes gráficas
Subdivisión de forma Exposiciones
Subdivisión general Historia
Subdivisión cronológica Siglo XXI
Subdivisión geográfica España
9 (RLIN) 256
740 0# - PUNTO DE ACCESO ADICIONAL--TÍTULO RELACIONADO O ANALÍTICO NO CONTROLADO
Título relacionado o analítico no controlado Other don Quixotes : Spanish designers reinvent the character.
942 ## - ELEMENTOS DE PUNTO DE ACCESO ADICIONAL (KOHA)
Fuente del sistema de clasificación o colocación Library of Congress Classification
Tipo de ítem Koha Libros
Holdings
Estado de retiro Estado de pérdida Estado dañado No para préstamo Localización permanente Ubicación/localización actual Fecha de adquisición Total de préstamos Signatura topográfica completa Código de barras Fecha visto por última vez Precio válido a partir de Tipo de ítem Koha
El ejemplar forma parte de la colección y puede ser consultado según las políticas vigentes.       Biblioteca del Museo Franz Mayer (Rogerio Casas-Alatriste) Biblioteca del Museo Franz Mayer (Rogerio Casas-Alatriste) 25/06/2008   NC998.6.S7 .O87 2005 00050 22/03/2019 22/03/2019 Libros